Zahraničně hospodářské vztahy a měnový kurz v procesu transformace ve východní Evropě.

Význam zahraničného obchodu pre úspech hospodárskej reformy. Úloha platobnej bilancie v procese hospodárskeho rozvoja. Dôležitosť zavedenia konvertibility a jednotného menového kurzu pre spojenie domáceho a zahraničného prostredia. Otázky určenia menového kurzu. Význam využívania výhod obchodu s Výc...

Ausführliche Beschreibung

Gespeichert in:
Bibliographische Detailangaben
1. Verfasser: Stankovský, J.
Format: Buchkapitel
Sprache:Tschechisch
Schlagworte:
Tags: Tag hinzufügen
Keine Tags, Fügen Sie das erste Tag hinzu!

MARC

LEADER 00000naa a2200000 4500
001 r004111
005 20221125080732.7
041 0 |a cze 
044 |a [CS] 
245 1 0 |a Zahraničně hospodářské vztahy a měnový kurz v procesu transformace ve východní Evropě.  |c J. Stankovský 
520 |a Význam zahraničného obchodu pre úspech hospodárskej reformy. Úloha platobnej bilancie v procese hospodárskeho rozvoja. Dôležitosť zavedenia konvertibility a jednotného menového kurzu pre spojenie domáceho a zahraničného prostredia. Otázky určenia menového kurzu. Význam využívania výhod obchodu s Východom. 
610 2 0 |a obchod zahraničný 
610 2 0 |a kurz menový 
610 2 0 |a východná Európa 
610 2 0 |a bilancia platobná 
610 2 0 |a konvertibilita 
610 2 0 |a rozvoj hospodársky 
100 1 |a Stankovský, J.